50 ciudades no capitales más pobladas de Europa - Estadísticas

Estadísticas generales
  • Esta prueba ha sido intentada 68 veces
  • La puntuación promedio es 25 de 50
Estadísticas de respuestas
País Población Ciudad % Correcto
Turquía 15,733,812 Estambul
100%
Italia 1,371,499 Milán
100%
España 1,731,649 Barcelona
98%
España 840,792 Valencia
97%
Alemania 1,505,005 Múnich
95%
Italia 908,082 Nápoles
93%
Rusia 5,652,922 San Petersburgo
93%
España 689,423 Sevilla
93%
Reino Unido 589,670 Mánchester
90%
Reino Unido 1,183,618 Birmingham
83%
Alemania 1,862,565 Hamburgo
81%
Italia 856,745 Turín
81%
España 599,063 Málaga
80%
Francia 877,215 Marsella
80%
España 693,091 Zaragoza
76%
Alemania 1,024,210 Colonia
75%
Alemania 756,021 Fráncfort
73%
Países Bajos 673,697 Róterdam
71%
Polonia 809,168 Cracovia
69%
Italia 625,956 Palermo
64%
Reino Unido 650,300 Glasgow
56%
Reino Unido 845,189 Leeds
54%
Ucrania 1,010,537 Odesa
53%
Alemania 618,717 Düsseldorf
49%
Alemania 611,850 Leipzig
44%
Alemania 612,663 Stuttgart
42%
Alemania 602,386 Dortmund
41%
Ucrania 1,421,225 Jarkov
41%
Rusia 1,329,825 Kazán
39%
Alemania 586,271 Bremen
37%
Suecia 608,993 Gotemburgo
36%
Rusia 1,012,219 Volgogrado
29%
Polonia 672,882 Breslavia
27%
Rusia 1,143,123 Rostov del Don
27%
Ucrania 968,502 Dnipró
25%
Rusia 1,154,885 Krasnodar
25%
Polonia 645,693 Łódź
22%
Reino Unido 582,493 Sheffield
19%
Rusia 1,198,245 Nizhni Novgorod
17%
Rusia 1,154,223 Samara
15%
Rusia 1,041,722 Vorónezh
14%
Rusia 901,361 Sarátov
12%
Rusia 1,166,098 Ufá
12%
Ucrania 794,687 Zaporiyia
12%
Rusia 1,027,518 Perm
7%
Rusia 623,254 Majachkalá
3%
Rusia 623,472 Izhevsk
2%
Rusia 684,709 Toliatti
2%
Rusia 617,352 Uliánovsk
2%
Rusia 577,279 Yaroslavl
2%
No se encontraron pruebas coincidentes
Distribución de puntuación
Porcentaje de gente con cada puntuación
Porcentaje por número respondido
Historial de tus puntuaciones
No has intentado esta prueba.